LIBRARY & INFORMATION CENTRE, KCAET, TAVANUR

ONLINE PUBLIC ACCESS CATALOGUE (OPAC)

Applied mechanics: Polytechnic / (Record no. 10255)

MARC details
000 -LEADER
fixed length control field 00466cam a2200193ua 4500
041 ## - LANGUAGE CODE
Language code of text/sound track or separate title eng
082 ## - DEWEY DECIMAL CLASSIFICATION NUMBER
Classification number 620.1
Item number JEM/AP
100 ## - MAIN ENTRY--AUTHOR NAME
Personal name Jemni, R K .
245 ## - TITLE STATEMENT
Title Applied mechanics: Polytechnic /
250 ## - EDITION STATEMENT
Edition statement 1 /
260 ## - PUBLICATION, DISTRIBUTION, ETC. (IMPRINT)
Place of publication Meerut :
Name of publisher Saran prakashan mandir ,
Year of publication 1967.
300 ## - PHYSICAL DESCRIPTION
Number of Pages 295 ; .
700 1# - ADDED ENTRY--PERSONAL NAME
Personal name Kumar, S .
942 ## - ADDED ENTRY ELEMENTS (KOHA)
Koha item type Books
Holdings
Withdrawn status Lost status Damaged status Home library Current library Date acquired Full call number Accession Number Koha item type
      KAUAET KAUAET 07/04/2012 620.1 9166 Books
free website counter